000 00682nam a2200253Ia 4500
003 OSt
005 20220924120545.0
006 a|||||r|||| 00| 0
007 ta
008 220923b |||||||| |||| 00| 0 urd d
020 _c5
024 _a320966
037 _cTextual
040 _aARTS
_cARTS
_burd
041 _2urd
_aurd
082 _aQ7wD58, 168K5
100 _aFariq Khursheed Ahmad Au.
245 0 _aHazrat Usman ke sarkari khutoot
260 _aDelhi
_bNadwat-ulmusannefin India
_c1965
300 _a206p.
_ccm.
650 _aISLAM
_9577
942 _hQ7wD58, 168K5
_cTEXL
_2CC
999 _c403277
_d403277